| 000 | 01328nam a2200277Ia 4500 | ||
|---|---|---|---|
| 999 |
_c54668 _d54668 |
||
| 001 | 21735 | ||
| 003 | GE_BSU | ||
| 005 | 20220204123751.0 | ||
| 008 | 181216s2017||||ge |||||||||||||| ||geo|| | ||
| 040 | _cGE_BSU | ||
| 041 | _ageo | ||
| 080 | _a94(479.22:479.24) მ-23 | ||
| 100 |
_aმამედოვი, შაჰისმაილ _913467 |
||
| 245 |
_aჰეიდარ ალიევი და საქართველო / _cშაჰისმაილ მამედოვი ; მთ. რედ. ჰიდაიათ ორუჯევი ; თარგმნ. : გ. ახმედოვა და სხვ. ; რედ. თ. თხილავა. |
||
| 250 | _aმეორე გამოცემა | ||
| 264 |
_aთბილისი : _b[?], _c2017. |
||
| 300 |
_a132 გვ. : _b ილ. ; _c30 სმ. |
||
| 541 | _h5 ლ. | ||
| 653 | _aისტორია | ||
| 653 | _aჰეიდარ ალიევი | ||
| 653 | _aჰეიდარ ალიევი და საქართველო | ||
| 700 |
_aორუჯევი, ჰიდაიათ _eმთ. რედაქტორი _913468 |
||
| 700 |
_aახმედოვა, გ. _eმთარგმნელი _913469 |
||
| 700 |
_aთხილავა, თ. _eრედაქტორი _913470 |
||
| 942 |
_cBK _2udc |
||